000 00599nam a2200169Ia 4500
008 220216s9999 xx 000 0 und d
100 _aJoseph K.
245 0 _aPlant growth promoting rhizobacteria from selected clones of Hevea brasiliensis
260 _bNational Conference on Organic Farming in Horticultural Crops with special refernce to Plantation Crops, 15-18 October, 2008, CPCRI, Kasaragod, India, pp. 90.
_c2008
700 _aAjitha Mohan T.V.
700 _aArunkumar V.K.
700 _aElias R.S.
700 _aJacob C.K.
700 _aJose G.
700 _aPhilip S.
942 _cJS
999 _c65090
_d65090